Analýza šumu podpovrchových Zenerových diód : Kand.diz.práca /

Uložené v:
Podrobná bibliografia
Hlavný autor: Mikolaj, Vladimír, Ing (Autor)
Ďalší autori: Strapko, František (Vedúci práce)
Médium: Rukopis Kniha
Vydavateľské údaje: Bratislava : SVŠT v Bratislave EF, 1988
Tagy: Pridať tag
Žiadne tagy, Buďte prvý, kto otaguje tento záznam!

MARC

LEADER 00000ntm a22000003a 4500
001 stu4359
005 20150617225809.8
008 ------s1988----------------------------d
040 |a STU  |b slo 
041 0
100 1 |a Mikolaj, Vladimír, Ing  |4 aut 
245 1 |a Analýza šumu podpovrchových Zenerových diód :  |b Kand.diz.práca /  |c [aut.] Mikolaj,Vladimír, Ing.; Škol. Strapko,František 
260 |a Bratislava :  |b SVŠT v Bratislave EF,  |c 1988 
300 |a 124 s 
700 1 |a Strapko, František  |4 ths 
996 |b 284ED00521  |c E*KDIZ-582  |l EE01  |s A  |a 24  |w stu4359_0001